|
|
|
|
| LEADER |
00000nam a2200000 a 4500 |
| 001 |
UCX3355 |
| 003 |
CL-VaPUC |
| 008 |
911030e19590000SP |||||||||||||||||spa|d |
| 082 |
0 |
4 |
|a 946.02
|b CAS
|2 21
|
| 100 |
0 |
|
|a Castro, Américo
|e author
|9 319515
|
| 245 |
1 |
0 |
|a Origen, ser y existir de los españoles
|
| 300 |
|
|
|a 174 p
|
| 942 |
|
|
|c BK
|
| 945 |
|
|
|d 19911030 00:00:00
|
| 260 |
|
|
|a Madrid
|b Taurus
|c 1959
|
| 650 |
|
0 |
|a Civilización islámica
|9 314083
|
| 651 |
|
0 |
|a España
|9 254926
|
| 583 |
|
|
|a last modification
|c 19911030 00:00:00
|k Rodrigo Vera
|
| 999 |
|
|
|c 224145
|d 224143
|
| 952 |
|
|
|0 0
|1 0
|4 0
|6 946_020000000000000_CAS_1959
|7 0
|8 A
|9 220575
|a BIBHIS
|b BIBHIS
|d 2019-11-15
|i 2892820
|o 946.02 CAS 1959
|p 2892820
|r 2025-01-20
|w 2019-11-15
|y BK
|k HIS
|
| 952 |
|
|
|0 0
|1 0
|4 0
|6 946_020000000000000_CAS_1959
|7 0
|8 A
|9 220576
|a BIBEDU
|b BIBEDU
|d 2019-11-15
|i 325951K
|l 1
|o 946.02 CAS 1959
|p 325951K
|r 2022-04-25
|s 2022-04-19
|w 2019-11-15
|y BK
|k LIT
|
| 952 |
|
|
|0 0
|1 0
|4 0
|6 946_020000000000000_CAS_1959
|7 0
|8 A
|9 220577
|a BIBEDU
|b BIBEDU
|d 2019-11-15
|i 1984098
|o 946.02 CAS 1959
|p 1984098
|r 2019-11-15
|w 2019-11-15
|y BK
|k LIT
|